000 00613nam a2200193Ia 4500
003 GCL
008 140319s9999 xx 000 0 ara d
040 _aGCL /
_cGCL
082 0 4 _a956
_bم د
100 1 _aمحمد بيومى مهران
245 1 0 _aدراسات فى الشرق الادنى القديم /
_cمحمد بيومى مهران
300 _a470 ص
490 _aالهيئة العامة للاستعلامات
_v0
650 0 4 _aالتاريخ
650 0 4 _aالشرق الادنى
650 0 4 _aالعالم - تاريخ
650 0 4 _aالشرق الادنى - تاريخ
942 _2ddc
_cBK
999 _c49185
_d49185